000 01087nam a2200349 a 4500
001 20843
003 VRT
005 20260205152448.0
008 960730s1987 xo a g 000 1 slo c
035 _aUKB000204067
039 9 _a202206071507
_bgluc
040 _aBAA001
_bslo
_cBAA001
_eAACR2
041 1 _aslo
_heng
044 _axo
_cSK
084 _aW 6(4VB)-644.61
_2UKB
100 1 _aWallace, Edgar,
_d1875-1932
245 1 0 _aMŕtvy s narcismi ; Lord podvodník
_cEdgar Wallace ; z angl. orig. prel. a upr. Miloš Hudec.Lord Podvodnik 2.Vyd.
260 _aBratislava
_bSmena
_c1987
300 _a338 s.
490 1 _aLabyrint
_vzv. 131
500 _aRozlož. tit. list
500 _aOrig. názvy: Daffodil Mystery ; Grey Timothy
700 1 _aHudec, Miloš
_4trl
740 0 2 _aLord podvodník
830 0 _aLabyrint
910 _aukb
942 _2ddc
_cKLDO
_n0
949 _6204067-30
_a30.D.08168
_bKD.1605-87
949 _6204067-10
_a30.D.08168
_bPV.6795-87
949 _6204067-20
_aSL.D.03186
_bPV.6796-87
949 _6204067-40
_a30.D.08168
_bKD.1606-87
_s4700:20121205
999 _c20843
_d20843